Wojna trojańska - Statystyki

Ogólne statystyki
  • Ten quiz został rozwiązany 2 048 razy
  • Średni wynik to 12 z 20
Statystyki odpowiedzi
Wskazówka Odpowiedź % Poprawnych
Trzy boginie, które myślały, że jabłko było dla nich Afrodyta
90%
Trzy boginie, które myślały, że jabłko było dla nich Hera
88%
Największy heros Greków Achilles
86%
Trzy boginie, które myślały, że jabłko było dla nich Atena
86%
Część ciała, która nie była zamoczona w rzece Pięta
85%
Piękna kobieta porwana przez niego Helena
84%
Młodzieniec, który miał ocenić, która z bogiń była najpiękniejsza Parys
82%
Ślepy poeta, któremu przypisuje się autorstwo Iliady Homer
68%
Przebiegły grecki wojownik, który zaprojektował konia trojańśkiego Odyseusz
63%
Rzeka, w której ten heros był zanurzony jako dziecko, co spowodowało, że był prawie odporny na ból Styks
63%
Największy bohater Troi Hektor
62%
Bogini niezgody, która podrzuciła złote jabłko z napisem dla najpiękniejszej Eris
61%
Współczesne państwo, w którym leżą ruiny Troi Turcja
56%
Główna broń używana przez żołnierzy w wojnie trojańskiej Włócznie
55%
Król Troi Priam
49%
Król Mykenów i przywódca Greków Agamemnon
43%
Jego największy przyjaciel i być może kochanek Patroklos
28%
Księżniczka trojańska, której przyznano umiejętność przepowiadania przyszłości razem z klątwą, przez którą nikt jej nie wierzył Kasandra
27%
Wojownik trojański, który uciekł do Italii i stał się przodkiem późniejszych Rzymian Eneasz
16%
Ciężki grzech, którego heros ten był najbardziej winny Gniew
8%
Nie znaleziono quizów pasujących do podanych kryteriów
Rozkład punktacji
Procent ludzi z każdym wynikiem
Percentyl według liczby udzielonych odpowiedzi
Twoja historia wyników
Nie rozwiązałeś tego quizu